| 000 | 00407nam a2200133 a 4500 | ||
|---|---|---|---|
| 005 | 20140412111309.0 | ||
| 008 | 010404s19uu xx 00 eng d | ||
| 050 |
_aTR(GS 507.8 _bHa19 1991 |
||
| 245 |
_aHands-on science : _bpreschool-kindergarten. |
||
| 260 |
_aGreensboro, NC : _bCarson-Dellosa Publishing Company, Inc, _c1991. |
||
| 300 | _a384p. ; ill. | ||
| 650 | _aScience experiements | ||
| 999 |
_c103857 _d103857 |
||